Quizzes
Events
Quiz Creation
Community
Videos
Private Events
Remove Ads
Sign In
Join for FREE
Feedback
Dark Mode
Quiz Categories
Sports
Geography
Music
Movies
Television
Just For Fun
Miscellaneous
History
Literature
Language
Science
Gaming
Entertainment
Religion
Holiday
For Kids
Quiz Lab
Recent
Popular Today
Quiz Kudos Today
Editor Picks
Curator Picks
Quizzes by...
Day
Popularity
Type
Ratings
Length
Year
Community
Subscriptions
Recent Discussions
Orange Saloon
Badges
Playlists
Quests
Create
Leaderboards
Showdown
Live 5
Trivia Bingo
Activity
Puzzle Library
Sporcle Events
Private Events
Virtual Trivia
Globe League
Become a Host
Pub Owners
SporcleCon
Opinionation
Our Games
Videos
Blog
Mobile Apps
Partnerships
Remove Ads and Go Orange
Feedback
Sports
Athletes
MLB
NBA
NHL
NFL
Soccer
Sports Teams
WWE
NCAA
Football
Premier League
Basketball
Baseball
Hockey
Golf
Tennis
Cricket
Rugby
Auto Racing
Olympics
World Cup
Sports
Athletes
MLB
NBA
NHL
NFL
Soccer
Sports Teams
WWE
NCAA
Football
Premier League
Basketball
Baseball
Hockey
Golf
Tennis
Cricket
Rugby
Auto Racing
Olympics
World Cup
Random Quiz
Search Sporcle
×
Quiz Lab
Quiz Lab
Sports
World
Type in answers that appear in a list
Type in answers that appear in a list
Classic
Best Score? Go Orange.
WCW World Television Champions Stats
Can you name the WCW World Television Champions (NWA on)?
By
Bhester
12m
65 Questions
2,328 Plays
2,328 Plays
2,328 Plays
Comments
Comments
Give Quiz Kudos
Give Quiz Kudos
-
- Ratings
hide this ad
Replay
Link that replays current quiz
Next Quiz
Link to next quiz in quiz playlist
You Got
0%
They Got
Avg Score
71%
Avg Friend Score
Upgrade to see
Score Distribution
Jump to the score distribution portion of the page
Score
0/65
Timer
12:00
0
Plays Today
Date
Name
% Correct
12/
29/
1997
Booker T
88.9%
2/
22/
1998
Booker T
88.9%
5/
1/
1998
Booker T
88.9%
5/
3/
1998
Booker T
88.9%
6/
14/
1998
Booker T
88.9%
3/
14/
1999
Booker T
88.9%
3/
31/
1989
Sting
88.5%
4/
30/
1998
Chris Benoit
87.9%
5/
2/
1998
Chris Benoit
87.9%
9/
13/
1999
Chris Benoit
87.9%
1/
4/
1986
Arn Anderson
86.2%
1/
2/
1990
Arn Anderson
86.2%
1/
14/
1991
Arn Anderson
86.2%
1/
8/
1995
Arn Anderson
86.2%
11/
21/
1999
Scott Hall
84.2%
BELT RETIRED
81.9%
VACATED
81.9%
VACATED
81.9%
VACATED
81.9%
3/
15/
1985
Dusty Rhodes
81.4%
7/
6/
1985
Dusty Rhodes
81.4%
9/
9/
1986
Dusty Rhodes
81.4%
12/
26/
1988
Rick Steiner
81.3%
5/
9/
1999
Rick Steiner
81.3%
10/
24/
1999
Rick Steiner
81.3%
6/
3/
1991
Steve Austin
81.3%
5/
23/
1992
Steve Austin
81.3%
9/
29/
1992
Scott Steiner
81.2%
12/
29/
1998
Scott Steiner
81.2%
8/
10/
1998
Chris Jericho
80.4%
2/
17/
1996
Lex Luger
80.3%
3/
6/
1996
Lex Luger
80.3%
2/
16/
2000
Hacksaw Jim Duggan
78.6%
Date
Name
% Correct
4/
28/
1985
Tully Blanchard
75.7%
11/
27/
1986
Tully Blanchard
75.7%
9/
17/
1995
Diamond Dallas Page
75.3%
7/
14/
1998
Stevie Ray
71.5%
8/
18/
1993
Ricky Steamboat
71.2%
9/
19/
1993
Lord Steven Regal
70.3%
6/
23/
1994
Lord Steven Regal
70.3%
8/
20/
1996
Lord Steven Regal
70.3%
5/
18/
1997
Lord Steven Regal
70.3%
11/
3/
1997
Perry Saturn
67.4%
4/
27/
1992
Barry Windham
66.2%
9/
22/
1997
Disco Inferno
60.8%
12/
8/
1997
Disco Inferno
60.8%
9/
18/
1994
Johnny B. Badd
60.7%
10/
29/
1995
Johnny B. Badd
60.7%
2/
18/
1996
Johnny B. Badd
60.7%
8/
21/
1997
Alex Wright
58.8%
11/
30/
1998
Konnan
57.4%
5/
19/
1991
Bobby Eaton
56.6%
9/
3/
1989
The Great Muta
51.7%
5/
4/
1998
Fit Finlay
50.8%
6/
18/
1995
Renegade
49.2%
2/
16/
1998
Rick Martel
48.9%
4/
7/
1997
Ultimo Dragon
47.9%
7/
21/
1997
Ultimo Dragon
47.9%
8/
1/
1987
Nikita Koloff
47.6%
1/
26/
1988
Mike Rotunda
46.5%
2/
20/
1989
Mike Rotunda
46.5%
2/
17/
1997
Prince Iaukea
40.9%
3/
2/
1993
Paul Orndorff
40.3%
12/
??/
1990
Tom Zenk
37.1%
5/
2/
1994
Larry Zbyszko
36.1%
Quiz Playlist
Details
Report
Send in Message
Add To Playlist
Classic:
Type in answers that appear in a list
Quiz Source
Last Updated: Oct 30, 2018
Quiz Scoreboard
CHALLENGE
Sign Up to Join the Scoreboard
Show All
Scores
Hide
Comments
May contain spoilers
Recently Published
Alphabetical 'K' Countries by Flag Minefield
by ylime102
Geography
3m
Pick 6: Fruits
by JohnFran
Miscellaneous
15s
Click the 1999 NBA Draft
by nibperrychub
Sports
2m
More to Explore
Quiz From the Vault
Featured Blog Post
15 Basketball Trivia Facts You Can Be March Mad About
hide this ad
You Might Also Like...
Tags
World Quiz
champion
date
NWA
WCW
Today's Top Quizzes in Sports
Browse Sports
hide this ad
Today's Top Quizzes in World
Browse World
Top Contributed Quizzes in Sports
1
Les joueurs à 100 buts en Ligue 1 Uber Eats
2
Pick 6: NFL Teams
3
MLB 2 truths and a lie: Hall of Fame pitchers
4
2022 World Cup Stars
5
Criteria MLB: Left Handed Sluggers
6
Millionaire: NBA Finals Edition
7
Pick 6: Minor League Baseball
8
Click the 1998 NBA Draft
9
Don't Strike Out: 3000 Strikeouts
10
Pick 6: Olympics
Explore More
Trending Topics
Kpop
Anime
Marvel
Crossword
NBA
Disney
Harry Potter
Puzzle
WWE
Country
Song
Pokémon
The Office
Soccer
NFL
hide this ad
More By:
Bhester
Quiz
Plays
Rating
Category
Featured
Created
WCW World Television Champions
2,328
4.25
Sports
Oct 13, 2009
IRL IndyCar Champions
744
4.50
Sports
Sep 29, 2009
2009 NASCAR Cup Roster
382
4.00
Sports
Sep 29, 2009
TNA X-Division Champions
238
5.00
Sports
Sep 28, 2009
Go to Creator's Profile
Score Distribution
Quiz Creator Spotlight
Bhester
Follow
Send a Message
Quizzes Created
-
Created Quiz Play Count
-
More By This Creator
Popular Quizzes Today
1
Countries of Asia Without Outlines Minefield
2
Find the US States - No Outlines Minefield
3
Pick 6: Fruits
4
Alphabetical 'K' Countries by Flag Minefield
5
The Countries of the World
6
Find the US States
7
US States
8
Find the Countries of Europe - No Outlines Minefield
More Sports Quizzes
NHL States & Provinces Minefield
Published
Trending Quizzes
Pick 6: Harry Potter
Pick 6: Mountains
Pick 6: NFL Teams
Pick 6: Flags
Pick 6: Movie Franchises
Recently Updated
NWSL Teams
pecheneg
Women's Final Four Teams by Year
bhenderson79
Presidents Quartet II
eogle
Anything But Clue(do)
eogle
Anything But Oceanian Capitals
eogle
Anything But 7
eogle
Anything But Thing
eogle
Word Ladder: February 29
pecheneg
Song Title Questions
pecheneg
Women's NCAA Tournament #1 Seeds
pecheneg
Trending Topics
Kpop
Marvel
Anime
Harry Potter
NBA
Disney
Crossword
Song
Country
The Office
NFL
WWE
Pokémon
Puzzle
Soccer
Your Account Isn't Verified!
In order to create a playlist on Sporcle, you need to verify the email address you used during registration. Go to your
Sporcle Settings
to finish the process.
Report this User
Report this user for behavior that violates our
Community Guidelines
.
Details:
Send Report
Go to the Sporcle.com Mobile Site →
Comments